000 00619nam a22002057a 4500
999 _c63206
_d63206
003 Ge_BSU
005 20250627104454.0
008 250627s2021 enk||||| |||| 00| 0 eng d
020 _a9780198864653x
041 _aeng
080 _a342(4) S-38
100 _aSchütze, Robert
_99679
245 _aEuropean Constitutional Law /
_cRobert Schütze.
250 _aThird Edition
264 _aOxford,
_c2021.
300 _a546 p.;
_b25 cm.
653 _aსამართალი
653 _aევროპის საკონსტიტუციო სამართალი
942 _2udc
_cᲬᲘᲒᲜᲘ